| 000 | 00703cam a22002174a 4500 | ||
|---|---|---|---|
| 999 |
_c2875 _d2875 |
||
| 001 | 15818 | ||
| 003 | BD-DhUAP | ||
| 005 | 20200229120008.0 | ||
| 008 | 020529s2003 njua b 001 0 eng | ||
| 020 | _a0471055409 (pbk. : alk. paper) | ||
| 040 |
_aDLC _cDLC _dBD-DhUAP _bEng |
||
| 082 | 0 | 0 |
_223 _a720.284 YEE |
| 100 | 1 | _aYee, Rendow. | |
| 245 | 1 | 0 |
_aArchitectural drawing : _ba visual compendium of types and methods / _cRendow Yee. |
| 250 | _a2nd ed. | ||
| 260 |
_aHoboken, N.J. : _bJ. Wiley, _cc2003. |
||
| 300 |
_axv, 656 pages : _billustrations ; _c28 cm. |
||
| 504 | _aIncludes bibliographical references (p. 639-641) and indexes. | ||
| 650 | 0 |
_aArchitectural drawing _xTechnique. |
|
| 942 |
_2ddc _cBK |
||